000 00394nam a22001697a 4500
003 OSt
008 240322b |||||||| |||| 00| 0 eng d
020 _a9789354664854
082 _a344.104 RAP
100 _aRAJE, V.N
245 _aPHARMACY LAW AND EITHICS
250 _a1st
260 _aN.Delhi
_bCBS Pub.
_c2024
300 _aix,175
650 _aPHARMACY LAW & ETHICS
942 _2ddc
_cBK
999 _c12252
_d12252